=LDR 00000nam 2200000 4500 =001 INLIS000000000006471 =005 20251110103154 =035 ##$$a 0010-1125000345 =007 ta =008 251110###########################0#ind## =082 ##$$a 339.2 =084 ##$$a 339.2 D.M s =100 #$$a D.M Leipziger =245 1#$$a Social Indicators, Growth and Distribution /$c Badan Koordinasi Keluarga Berencana Nasional =260 ##$:$b Badan Koordinasi Keluarga Berencana Nasional,$c 1980 =300 ##$$a 4 Hal : $b Ilus ; $c 21 =650 #4$$a Keluarga Berencana =700 #$$a M. A Lewis =856 ##$$a Perpustakaan Kemendukbangga